Hlavné mestá štátov Ázie - Statistics

General Stats
  • This quiz has been taken 774 times
  • The average score is 22 of 48
Answer Stats
Štát Hlavné mesto % Correct
Turecko Ankara
82%
Japonsko Tokio
81%
Južná Kórea Soul
80%
Izrael Jeruzalem
78%
Filipíny Manila
76%
Čína Peking
76%
Kazachstan Astana
71%
Indonézia Jakarta
66%
Jemen Saná
63%
Kuvajt Kuvajt
62%
Irak Bagdad
61%
Irán Teherán
59%
Mongolsko Ulánbátar
58%
Maldivy Male
57%
Omán Maskat
54%
Vietnam Hanoj
53%
India Naí Dillí
53%
Pakistan Islamabád
52%
Azerbajdžan Baku
48%
Tadžikistan Dušanbe
48%
Singapur Singapur
48%
Spojené arabské emiráty Abú Zabí
46%
Libanon Bejrút
45%
Sýria Damask
44%
Severná Kórea Pchjongjang
44%
Thajsko Bangkok
43%
Arménsko Jerevan
43%
Taiwan Tchaj-pej
43%
Uzbekistan Taškent
40%
Gruzínsko Tbilisi
40%
Cyprus Nikózia
39%
Katar Dauha
36%
Východný Timor Dili
36%
Saudská Arábia Rijád
35%
Kirgizsko Biškek
34%
Laos Vientian
33%
Malajzia Kuala Lumpur
30%
Afganistan Kábul
27%
Jordánsko Ammán
26%
Turkménsko Ašchabad
25%
Nepál Káthmandu
25%
Bahrajn Manáma
25%
Brunej Bandar Seri Begawan
23%
Bangladéš Dháka
21%
Srí Lanka Šrí Džajavardanapura Kotte
20%
Kambodža Phnom Penh
19%
Bhután Thimphu
12%
Mjanmarsko Naypyidaw
8%
No matching quizzes found
Score Distribution
Percent of People with Each Score
Percentile by Number Answered
Your Score History
You have not taken this quiz